00374nam a22001217a 450000500170000000800410001704100080005808200080006610000550007424500860012926000290021530000080024420240809154822.0240809b |||||||| |||| 00| 0 eng d aeng bUPA aUpadhye Ketaki- 2K221066 & Tanuja Deshpande -Guide aA Comprehensive study on Integrated Financial Analysis and Operational Efficiency aPune bSPPU cMarch-2024 a59p